| 000 | 00772nab a2200241 u 4500 | ||
|---|---|---|---|
| 001 | 13214 | ||
| 003 | HDC | ||
| 007 | cr bn ---aaaaa | ||
| 008 | 210212c 0129my dr|nes 0 |0eng | ||
| 040 | _aHDC | ||
| 245 | 0 | _aTaipei 101 mulls setting up Muslim prayer room | |
| 260 |
_a[no place] : _b[publisher not identified], _c[no year] |
||
| 336 |
_atext _2rdacontent |
||
| 337 |
_acomputer _2rdamedia |
||
| 338 |
_aonline resource _2rdacarrier |
||
| 650 |
_aMuslim _94617 |
||
| 650 |
_aPrayer room _914019 |
||
| 710 | _aTaiwan News | ||
| 856 | _zRequest full-text at [email protected] | ||
| 942 | _2lcc | ||
| 942 | _cNEWS | ||
| 942 | _kNWSO 002868 | ||
| 999 |
_c10530 _d10530 |
||